00543nam a2200157 i 450000100060000000300090000600500170001500700030003200800410003510000480007624501060012426000300023030000280026050000630028885200340035173750ES-MaACL20230906171919.0t|040910s1978 mr ||||1| spa d0 aGómez-Tabanera, José Manuel,d1926-201114aLos hombres del post-glacial en la región Astur-Cantábrica de España / cJ.M. Gómez-Tabanera. aZagreb : b[s.n., c1978] a4 h. : bil. ; c24 cm. aEs Separata de: Collegium Antropologium 2, 1978, p. 42-48. aES-MaACLj2109-F-29 bR.98692